Hitchhiker's Guide to the Galaxy Trivia - Statistics

General Stats
  • This quiz has been taken 184 times
  • The average score is 16 of 18
Answer Stats
Hint Answer % Correct
The main male human character Arthur Dent
100%
Ultimate Answer produced by that computer 42
96%
Object other than the Guide that no self-respecting hitchhiker should ever be without Towel
96%
A researcher for the Guide who got trapped on Earth Ford Prefect
95%
Friendly phrase found on the cover of the Guide Don't Panic
94%
A depressed robot Marvin
94%
President of the Galaxy and ne'er-do-well Zaphod Beeblebrox
94%
A miraculous animal that serves as a universal translator Babelfish
92%
Using the ship's drive, one guided missile from the planet was transformed into a bowl of petunias. What did the other one become? A whale
90%
An alien race of great bureaucrats and terrible poets Vogons
90%
Animal race responsible for the creation of Earth Mice
89%
Slartibartfast won an award for this geographical feature Fjord
85%
His girlfriend Trillian
85%
Name of the computer created to calculate the answer to Life, the Universe, and Everything Deep Thought
82%
Spaceship stolen by the President Heart of Gold
80%
Primary industry of that planet Building designer {planets}
77%
What makes the stolen spaceship so special Infinite {Improbability} Drive
76%
Mysterious lost planet Magrathea
64%
No matching quizzes found
Score Distribution
Percent of People with Each Score
Percentile by Number Answered
Your Score History
You have not taken this quiz